Tragedy bichar (Record no. 2619)

MARC details
000 -LEADER
fixed length control field 00434cam a2200181ua 4500
008 - FIXED-LENGTH DATA ELEMENTS--GENERAL INFORMATION
fixed length control field 110907n ii |||gr||||Z||||||asm
040 ## - CATALOGING SOURCE
Transcribing agency MAIN
082 ## - DEWEY DECIMAL CLASSIFICATION NUMBER
Classification number 891.4512
100 1# - MAIN ENTRY--PERSONAL NAME
Personal name Bharali, Sailen,
245 11 - TITLE STATEMENT
Title Tragedy bichar
Statement of responsibility, etc. by Sailen Bharali
250 ## - EDITION STATEMENT
Edition statement 2nd.
260 ## - PUBLICATION, DISTRIBUTION, ETC.
Place of publication, distribution, etc. Guahati:
Name of publisher, distributor, etc. bani prakash,976.
Place of publication, distribution, etc. Kolkata:
300 ## - PHYSICAL DESCRIPTION
Extent 87p:
Dimensions 23cm.
942 ## - ADDED ENTRY ELEMENTS (KOHA)
Koha item type Books
653 ## - INDEX TERM--UNCONTROLLED
Uncontrolled term Assamese drama
653 ## - INDEX TERM--UNCONTROLLED
Uncontrolled term Tragedy bichar
Holdings
Withdrawn status Lost status Damaged status Not for loan Home library Current library Shelving location Date acquired Total Checkouts Full call number Barcode Date last seen Copy number Price effective from Koha item type
        Central Library, Naharkatiya College Central Library, Naharkatiya College General Stacks 19/09/2020   891.4512 | BHA 7210 19/09/2020 1 19/09/2020 Books

Naharkatiya College © 2020. All rights reserved.

Powered By